Представление документа в формате MARC21

Поле Инд. ПП Название Значение
Тип записи a
Библиографический уровень m
001 Контрольный номер 4ee43d9c-5290-11da-855a-00c0262f1595
005 Дата корректировки 20140703140513.2
008 Кодируемые данные 051111
020 a ISBN 5-93972-219-9
040 a Служба первич. каталог. НБ ТвГУ
041 a Код языка текста rus
080 a Индекс УДК 531.3
084 a Индекс другой классификации/Индекс ББК В213.18
090 a Полочн. индекс В213.1
x Авторский знак Б82
100 1_ a Автор Борисов Алексей Владимирович
245 10 a Заглавие Современные методы теории интегрируемых систем
b Продолж. заглавия Бигамильтоново описание, представление Лакса, разделение переменных : [lkz cneltynjd b fcgbhfynjd abp/-vfn/ cgtwbfkmyjcntq ey-nd? cgtwbfkbcnjd]
c Ответственность А. В. Борисов, И. С. Мамаев
260 0_ a Место издания Москва
a Место издания Ижевск
b Издательство Институт компьютерных исследований
c Дата издания 2003
300 a Объем 294,[1] с.
504 a Библиография Предм. указ.: с. 294-295
650 a Основная рубрика Интегрируемые системы
650 a Основная рубрика Гамильтоновы системы
653 a Ключевые слова Гамильтонова механика
a Ключевые слова Гамильтоновы системы
a Ключевые слова Интегрируемые системы
700 1_ a Другие авторы Мамаев Иван Сергеевич
e Роль лиц авт.
954 a Дата поступления на обработку 20051114